• 首页
  • 本馆介绍
  • 公告通知
  • 最新文献
  • 馆藏检索
  • 电子资源
  • 读者导购
  • 参考咨询
  • 我的图书馆
  • 登录
  • 详细信息显示
  • 放入我的书架
  • 预约/预借图书
  • 作者相关作品
  • 分类相关作品
  • 丛书相关作品
  • 出版社相关作品

书目信息

  • 表格格式
  • 工作单格式
  • 卡片格式
题名:
搭地铁玩法国巴黎
    
 
作者: 《搭地铁玩巴黎》编辑部编著
分册:  
出版信息: 桂林   广西师范大学出版社  2014
页数: 195页
开本: 22cm
丛书名:
单 册:
中图分类: K956.59
科图分类:
主题词: 旅游指南--巴黎
电子资源:
ISBN: 978-7-5495-0404-6
000 00767nam0 2200241 450
001 337693
005 20150526102229.60
010    @a978-7-5495-0404-6@dCNY48.00
100    @a20110729d2011 em y0chiy50 ea
101 0  @achi
102    @aCN@b450000
105    @aab z 000yy
106    @ar
200 1  @a搭地铁玩法国巴黎@Ada di tie wan fa guo ba li@e2014-2015最新全彩版@f《搭地铁玩巴黎》编辑部编著@zeng
210    @a桂林@c广西师范大学出版社@d2014
215    @a195页@c彩图, 地图@d22cm
300    @a搭地铁系列 考拉旅行DT007
330    @a本书将带你乘坐巴黎的地铁, 沿途领略西堤岛、瓦文、圣日耳曼、卢浮宫等旅游景点。
510 1  @aParis subway@zeng
606 0  @a旅游指南@y巴黎
690    @aK956.59@v5
801  0 @aCN@b卓展宏图@c20150525
905    @dK956.59@e304@f4
    
    搭地铁玩法国巴黎:2014-2015最新全彩版/《搭地铁玩巴黎》编辑部编著.-桂林:广西师范大学出版社,2014
    195页:彩图, 地图;22cm
    搭地铁系列 考拉旅行DT007
    
    ISBN 978-7-5495-0404-6:CNY48.00
    本书将带你乘坐巴黎的地铁, 沿途领略西堤岛、瓦文、圣日耳曼、卢浮宫等旅游景点。
●
相关链接 在E读中查询图书 在五车中查询图书 在当当中查询图书 在豆瓣中查询图书


正题名:搭地铁玩法国巴黎     索取号:K956.59/304         预约/预借

序号 登录号 条形码 馆藏地/架位号 状态 备注
1 854318   208543183   第二样本阅览室/ [索取号:K956.59/304] 在馆    
2 854319   208543192   第二借阅区/ [索取号:K956.59/304] 在馆    
3 854320   208543209   第二借阅区/ [索取号:K956.59/304] 在馆    
4 854321   208543218   密集书库-资源管理系/ [索取号:K956.59/304] 在馆    
唐山师范学院图书馆 欢迎您!
大连网信软件有限公司© 版权所有